000
00289 a2200133 4500
001
76060
040
_c
Anchieta - Colégio São Paulo
240
1
0
_a
Araribá plus
_l
por
245
1
0
_a
Araribá plus
300
_a
224
362
0
_a
2014
650
4
_a
Ciência da vida - Biologia
942
_c
BK
999
_c
76060
_d
76060